000 00390nam a2200157Ia 4500
008 230718s9999 xx 000 0 und d
041 _aeng
082 _a658
_bCAN
100 _aCanfield J.
245 _aChicken Soup For The Soul
260 _c2000
_bHealth Communication
300 _a352
365 _cRs.
_b195.00
700 _aCanfield J.
906 _dB:567206-Jun-2000
_cOTH
_b29.25
999 _c300732
_d300732